[Event "Wch FIDE Online U18 Girls Africa qual"]
[Site "Tornelo INT"]
[Date "2020.11.30"]
[Round "6"]
[White "Tadeyo, Charity"]
[Black "Shaw, Laurie Ann"]
[Result "0-1"]
[WhiteElo "1076"]
[BlackElo "1408"]
[PlyCount "88"]
[EventDate "2020.11.28"]
[EventType "swiss (rapid)"]
[EventRounds "7"]
[EventCountry "ISS"]
[SourceTitle "EXT 2022"]
[Source "ChessBase"]
[SourceDate "2021.10.06"]
[SourceVersion "1"]
[SourceVersionDate "2021.10.06"]
[SourceQuality "1"]

1. d3 c5 2. Nf3 Nc6 3. e4 g6 4. Be3 d6 5. c4 Bg7 6. Nc3 e6 7. g3 Nge7 8. Bg2 0-0 9. Qd2 Re8 10. Bh6 Bh8 11. 0-0 a6 12. Qe2 Rb8 13. Ng5 Nd4 14. Qd2 Nec6 15. Qf4 Qe7 16. Bf3 Ne5 17. Ne2 Nxe2+ 18. Bxe2 b5 19. b3 bxc4 20. bxc4 Rb2 21. Rfe1 Bd7 22. Nf3 Nxf3+ 23. Bxf3 Bd4 24. Re2 Rxe2 25. Bxe2 Bxa1 26. Bg5 f6 27. Bh4 g5 28. Qg4 e5 29. Qh5 gxh4 30. Qxh4 Rb8 31. Bg4 Bxg4 32. Qxg4+ Qg7 33. Qe6+ Qf7 34. Qg4+ Kf8 35. Kg2 Bd4 36. a4 Rb2 37. Qc8+ Qe8 38. Qxa6 Rxf2+ 39. Kg1 Ra2+ 40. Kf1 Qd7 41. Qa8+ Ke7 42. Qh8 Qh3+ 43. Ke1 Bf2+ 44. Kd1 Qf1# 0-1

[Event "Wch FIDE Online U18 Girls Africa qual"]
[Site "Tornelo INT"]
[Date "2020.11.28"]
[Round "1"]
[White "Tadeyo, Charity"]
[Black "Pires, Luzia"]
[Result "0-1"]
[WhiteElo "1076"]
[BlackElo "1655"]
[PlyCount "44"]
[EventDate "2020.11.28"]
[EventType "swiss (rapid)"]
[EventRounds "7"]
[EventCountry "ISS"]
[SourceTitle "EXT 2022"]
[Source "ChessBase"]
[SourceDate "2021.10.06"]
[SourceVersion "1"]
[SourceVersionDate "2021.10.06"]
[SourceQuality "1"]

1. d4 d6 2. e3 g6 3. Nf3 Bg7 4. Nc3 Nf6 5. b3 0-0 6. Bb2 Re8 7. Be2 Nbd7 8. 0-0 e5 9. dxe5 dxe5 10. Re1 e4 11. Ng5 h6 12. Nh3 b6 13. Bc4 Bb7 14. Rb1 Ne5 15. Qxd8 Raxd8 16. Ne2 Nxc4 17. bxc4 Rd2 18. c3 Ba6 19. Nef4 Bxc4 20. Red1 Red8 21. Ba3 Rxd1+ 22. Rxd1 Rxd1# 0-1